| 000 | 00570cam a2200193ua 4500 | ||
|---|---|---|---|
| 020 |
_a0-07-099283-5 _c140.00 |
||
| 041 |
_aeng _h |
||
| 082 |
_a697.93 _bELO/ST |
||
| 100 | _aElonka, Stephen Michael . | ||
| 245 |
_aStandard refrigeration and air conditioning : Questions and answers / _cStephen Michael Elonka. _hTextual Documents |
||
| 250 |
_a3 / _b. |
||
| 260 |
_aNew Delhi : _bTata Mc-Graw Hill Publishing Company , _c1996. |
||
| 300 | _a427 ; . | ||
| 365 | _a140.00 | ||
| 504 | _a | ||
| 700 | 1 | _aQuaid, Walton . | |
| 942 | _cBK | ||
| 999 |
_c7437 _d7437 |
||